Devinez le nom de ces films grâce à un objet - Statistiques

Statistiques générales
  • Ce quiz a été pris 78 fois
  • Le résultat moyen est 12 sur 30
Statistiques - réponses
Par images Réponse % Correct
Harry potter
84%
Ça
81%
Inception
81%
Matrix
79%
Titanic
73%
Jumanji
67%
Hunger Games
65%
Kill Bill
63%
Gladiator
62%
Indiana Jones
60%
Shining
60%
Seul au monde
54%
James Bond
52%
Top gun
52%
Kung fu panda
37%
Rasta Rockett
33%
Retour vers le futur 2
33%
Terminator 2
30%
Pulp fiction
27%
Jurassic Park
25%
Moi moche et méchant
25%
The dark knight rises
22%
Fight club
21%
Interstellar
21%
Megamind
13%
Memento
8%
Misery
8%
The Game
3%
Deadpool
2%
Ocean's thirteen
0%
Aucun quiz correspondant
Distribution des résultats
% des personnes avec chaque résultat
Percentile par nombre de réponses
Votre historique - résultats
Vous n’avez pas pris ce quiz